000
00288nam a22001337a 4500
008
181005b xxu||||| |||| 00| 0 eng d
020
_a
9780870494208
041
_a
eng
080
_a
902
100
_a
45
101
_a
ARKE
245
_a
Hiwasse Island
_c
Lewis, TH.M.N
942
_2
udc
_c
BK
999
_c
48918
_d
48918